[Event "National Club ch."]
[Site "?"]
[Date "1999.06.27"]
[Round "?"]
[White "Stebbings, A."]
[Black "Purdon, C."]
[Result "1/2-1/2"]
[WhiteElo "2264"]
[BlackElo "1968"]
[PlyCount "101"]
[EventDate "1999.??.??"]

1. e4 e6 2. d4 d5 3. Nd2 c5 4. exd5 exd5 5. Ngf3 Nc6 6. Bb5 Bd6 7. dxc5 Bxc5 8.
O-O Nge7 9. Nb3 Bd6 10. Nbd4 O-O 11. c3 Bg4 12. Be2 a6 13. Be3 Qc7 14. h3 Bh5
15. Qc2 Bg6 16. Bd3 Bxd3 17. Qxd3 Ne5 18. Nxe5 Bxe5 19. Nf3 Bf6 20. Bg5 Qd6 21.
Bxf6 Qxf6 22. Rad1 Rad8 23. Nd4 Nc6 24. Rfe1 g6 25. Qe3 Rd7 26. Nxc6 Qxc6 27.
Rd4 b5 28. Red1 Rfd8 29. R1d3 Qf6 30. Qd2 Qe6 31. b3 Qf6 32. a4 bxa4 33. Rxa4
Qb6 34. Rb4 Qf6 35. Rbd4 Rb8 36. b4 Rc8 37. Rf3 Qe5 38. c4 Rdc7 39. Re3 Qf6 40.
Rf3 Qe5 41. Re3 Qf6 42. c5 a5 43. Rxd5 axb4 44. Qxb4 Qc6 45. Qd4 Rb7 46. Rd8+
Rxd8 47. Qxd8+ Kg7 48. Re8 Qxc5 49. Rg8+ Kh6 50. Qh4+ Qh5 51. Qxh5+ 1/2-1/2

[Event "London league"]
[Site "?"]
[Date "1999.10.18"]
[Round "?"]
[White "Stebbings, A."]
[Black "Summerscale, A."]
[Result "1/2-1/2"]
[WhiteElo "2264"]
[BlackElo "2464"]
[PlyCount "82"]
[EventDate "1999.??.??"]

1. e4 d6 2. d4 Nf6 3. Nc3 c6 4. f4 Qa5 5. e5 Ne4 6. Qf3 d5 7. Bd3 Na6 8. Nge2
Nb4 9. O-O Nxd3 10. cxd3 Nxc3 11. bxc3 g6 12. a4 h5 13. Ba3 Bg4 14. Qe3 Bxe2
15. Bb4 Qc7 16. Qxe2 e6 17. Qb2 c5 18. Bxc5 Bxc5 19. Qb5+ Ke7 20. Qxc5+ Qxc5
21. dxc5 Rhc8 22. Rfb1 Rxc5 23. Rxb7+ Ke8 24. Ra3 Rac8 25. Rbb3 f6 26. exf6 Kf7
27. Kf2 Kxf6 28. a5 g5 29. fxg5+ Kxg5 30. a6 Kf6 31. Ke3 R5c6 32. d4 R8c7 33.
Kd3 Rd6 34. Rb2 Rcc6 35. Rba2 Kg5 36. Ke3 Rb6 37. Kd3 Rdc6 38. Ra1 Kg6 39. R1a2
Kg5 40. Ra1 Kg6 41. R1a2 Kg5 1/2-1/2

[Event "London league"]
[Site "?"]
[Date "1999.11.11"]
[Round "?"]
[White "Stebbings, A."]
[Black "Hodgson, JH."]
[Result "0-1"]
[WhiteElo "2264"]
[BlackElo "2176"]
[PlyCount "52"]
[EventDate "1999.??.??"]

1. e4 c5 2. Nf3 d6 3. d4 cxd4 4. Nxd4 Nf6 5. Nc3 g6 6. Be2 Bg7 7. O-O Nc6 8.
Nb3 O-O 9. Bg5 Be6 10. Kh1 h6 11. Bh4 g5 12. Bg3 d5 13. Nc5 dxe4 14. Nxe6 fxe6
15. Bc4 Qc8 16. Re1 Rd8 17. Qc1 Nd4 18. Bb3 Nxb3 19. axb3 Qc6 20. h4 gxh4 21.
Bxh4 a6 22. Re2 Rd4 23. Ra4 Rxa4 24. bxa4 Rd8 25. Qe3 Rd7 26. Nxe4 Rd1+ 0-1

[Event "Kent league"]
[Site "?"]
[Date "1999.11.23"]
[Round "?"]
[White "Stebbings, A."]
[Black "Bigg, A."]
[Result "1-0"]
[WhiteElo "2264"]
[BlackElo "2120"]
[PlyCount "69"]
[EventDate "1999.??.??"]

1. d4 e6 2. e4 d5 3. Nd2 Nf6 4. e5 Nfd7 5. f4 c5 6. c3 Nc6 7. Ndf3 Qb6 8. g3
cxd4 9. cxd4 Bb4+ 10. Kf2 g5 11. Be3 g4 12. Nd2 f6 13. Nb3 Rf8 14. Qxg4 fxe5
15. Qxe6+ Be7 16. dxe5 Ndxe5 17. Qxe7+ Kxe7 18. Bxb6 axb6 19. Nf3 Nxf3 20. Kxf3
Bf5 21. Kf2 Be4 22. Bg2 Nb4 23. Bxe4 dxe4 24. Nd4 Nd3+ 25. Ke3 Nxb2 26. Kxe4
Kf6 27. Rhb1 Rfe8+ 28. Kf3 Ra3+ 29. Kf2 Nc4 30. Rb4 Nd2 31. Rxb6+ Kf7 32. Rxb7+
Kg8 33. Rb2 Ne4+ 34. Kf1 Rd8 35. Nb3 1-0

[Event "London league"]
[Site "?"]
[Date "1999.12.02"]
[Round "?"]
[White "Stebbings, A."]
[Black "Ledger, A."]
[Result "1/2-1/2"]
[WhiteElo "2264"]
[BlackElo "2424"]
[PlyCount "71"]
[EventDate "1999.??.??"]

1. d4 Nf6 2. c4 g6 3. Nc3 d5 4. Bf4 Bg7 5. e3 O-O 6. Rc1 c5 7. dxc5 Be6 8. Nf3
Nc6 9. Be2 Qa5 10. Ng5 Rad8 11. Nxe6 fxe6 12. Qa4 Qxc5 13. Qb5 Qxb5 14. cxb5
Nb8 15. O-O Nbd7 16. Rfd1 Rc8 17. Bg3 Nb6 18. b3 Nfd7 19. Nb1 Bb2 20. Rxc8 Rxc8
21. Nd2 Nf6 22. Bd3 Nbd7 23. Kf1 e5 24. e4 e6 25. Ke2 Bd4 26. Bb1 Bc3 27. Rc1
Rc5 28. Nf3 d4 29. Bd3 Kf7 30. Ng1 Ke7 31. f3 Nh5 32. Kd1 Nxg3 33. hxg3 Kd6 34.
Ne2 Bb4 35. Rxc5 Nxc5 36. Bc4 1/2-1/2

[Event "National Club ch."]
[Site "?"]
[Date "1999.12.11"]
[Round "?"]
[White "Twyble, M."]
[Black "Stebbings, A."]
[Result "1/2-1/2"]
[WhiteElo "2232"]
[BlackElo "2264"]
[PlyCount "58"]
[EventDate "1999.??.??"]

1. d4 Nf6 2. c4 e6 3. Nc3 Bb4 4. f3 d5 5. a3 Bxc3+ 6. bxc3 c5 7. cxd5 Nxd5 8.
dxc5 Qa5 9. e4 Nc7 10. Be3 O-O 11. Ne2 Nca6 12. Nd4 Nxc5 13. Nb5 Nbd7 14. Qb1
a6 15. Qb4 axb5 16. Bxc5 Nxc5 17. Qxc5 Bd7 18. Qb4 Qb6 19. O-O-O Ra4 20. Qd6
Bc6 21. Rd4 Rfa8 22. Rxa4 bxa4 23. Qd4 Qxd4 24. cxd4 Rd8 25. Be2 Rxd4 26. Rd1
Rxd1+ 27. Bxd1 Kf8 28. Kd2 Ke7 29. Kc3 Kd6 1/2-1/2

[Event "Kent league"]
[Site "?"]
[Date "2000.01.11"]
[Round "?"]
[White "Naylor, J."]
[Black "Stebbings, A."]
[Result "1/2-1/2"]
[WhiteElo "2208"]
[BlackElo "2264"]
[PlyCount "70"]
[EventDate "2000.??.??"]

1. e4 c5 2. Nf3 e6 3. d4 cxd4 4. Nxd4 Nc6 5. c4 Nf6 6. Nc3 Bb4 7. Nxc6 bxc6 8.
Bd3 e5 9. O-O O-O 10. Bg5 h6 11. Bd2 Bc5 12. Kh1 d6 13. h3 Be6 14. Rc1 a5 15.
Be2 Bd4 16. Qc2 Nd7 17. f4 exf4 18. Bxf4 Be5 19. Qd2 Qh4 20. Bxe5 dxe5 21. Qe3
Rfd8 22. Rfd1 Nf8 23. c5 Ng6 24. Rd6 Rxd6 25. cxd6 Rd8 26. Rd1 Nf4 27. Bf1 Qg5
28. Qb6 Rd7 29. Qxc6 Qg3 30. Qa8+ Kh7 31. Qxa5 Bxh3 32. gxh3 Qf3+ 33. Kg1 Qg3+
34. Kh1 Qf3+ 35. Kg1 Qe3+ 1/2-1/2

[Event "London league"]
[Site "?"]
[Date "2000.01.19"]
[Round "?"]
[White "Boyce, M."]
[Black "Stebbings, A."]
[Result "1/2-1/2"]
[WhiteElo "1984"]
[BlackElo "2264"]
[PlyCount "73"]
[EventDate "2000.??.??"]

1. e4 c5 2. Nf3 e6 3. d4 cxd4 4. Nxd4 Nc6 5. Nb5 d6 6. Bf4 e5 7. Be3 a6 8. N5c3
Nf6 9. Nd5 Nxd5 10. exd5 Ne7 11. c4 Nf5 12. Bd2 Be7 13. Bd3 O-O 14. O-O Bd7 15.
Nc3 Bg5 16. Rc1 Bxd2 17. Qxd2 Nd4 18. Ne2 Nxe2+ 19. Bxe2 Qb6 20. b4 Rfc8 21. a3
Rc7 22. Rc3 Rac8 23. Rfc1 Qd4 24. Rd1 Qxd2 25. Rxd2 b6 26. Rdc2 a5 27. bxa5
bxa5 28. Rb2 Kf8 29. Rcb3 Ke7 30. h3 f5 31. Rb6 Ra8 32. Rb8 Rxb8 33. Rxb8 Rc5
34. Rh8 h6 35. Rg8 Kf7 36. Rd8 Ke7 37. Rg8 1/2-1/2

[Event "Kent league"]
[Site "?"]
[Date "2000.01.26"]
[Round "?"]
[White "Taylor, PP."]
[Black "Stebbings, A."]
[Result "1-0"]
[WhiteElo "2080"]
[BlackElo "2264"]
[PlyCount "75"]
[EventDate "2000.??.??"]

1. c4 Nf6 2. g3 c5 3. Bg2 d5 4. cxd5 Nxd5 5. Nc3 Nc7 6. Nf3 Nc6 7. O-O e5 8.
Ne1 Bg4 9. Nd3 Qxd3 10. f3 Qd4+ 11. e3 Bxf3 12. Qxf3 Qd7 13. Qh5 Bd6 14. Ne4
O-O 15. Bh3 Qe7 16. Nf6+ Qxf6 17. Rxf6 gxf6 18. Bf5 Rfe8 19. Qh6 Nd8 20. Bxh7+
Kh8 21. Be4+ Kg8 22. Qxf6 Bf8 23. d3 Re6 24. Qf5 Bg7 25. Bd2 Nc6 26. Rc1 Na6
27. Rf1 Re7 28. a3 Rd8 29. g4 Nc7 30. Be1 Rdd7 31. Bh4 Re6 32. Qh7+ Kf8 33. g5
Rdd6 34. g6 f6 35. Bf5 Re7 36. Be1 Re8 37. Bd2 Ne7 38. h4 1-0

[Event "London league"]
[Site "?"]
[Date "2000.02.03"]
[Round "?"]
[White "Benjamin, J."]
[Black "Stebbings, A."]
[Result "1/2-1/2"]
[WhiteElo "2072"]
[BlackElo "2264"]
[PlyCount "75"]
[EventDate "2000.??.??"]

1. d4 Nf6 2. c4 e6 3. Nf3 Bb4+ 4. Bd2 Qe7 5. g3 Nc6 6. Bg2 Bxd2+ 7. Nbxd2 d6 8.
O-O O-O 9. e4 a5 10. e5 dxe5 11. dxe5 Nd7 12. Qe2 Rd8 13. Rad1 Nc5 14. Ne4 Bd7
15. a3 Be8 16. Qe3 Nxe4 17. Qxe4 h6 18. Qe3 a4 19. Nd2 Qd7 20. Bxc6 Qxc6 21.
Rc1 Qd7 22. Ne4 Qd4 23. Qf4 Bc6 24. Rfe1 Bxe4 25. Qxe4 Qxe4 26. Rxe4 Rd2 27.
Rb1 Ra5 28. b4 axb3 29. Rxb3 b6 30. Rc3 Rc5 31. Kf1 Kf8 32. h4 h5 33. Ke1 Rd8
34. Ke2 Ra5 35. f4 Ke7 36. Ree3 Rd4 37. Red3 Rxd3 38. Kxd3 1/2-1/2

[Event "London league"]
[Site "?"]
[Date "2000.02.17"]
[Round "?"]
[White "Stebbings, A."]
[Black "Harari, Z."]
[Result "1-0"]
[WhiteElo "2264"]
[BlackElo "2280"]
[PlyCount "105"]
[EventDate "2000.??.??"]

1. d4 d5 2. c4 c6 3. Nc3 e6 4. e3 Bd6 5. Nf3 Nf6 6. Qc2 O-O 7. b3 a6 8. Bb2 c5
9. cxd5 cxd4 10. Nxd4 exd5 11. g3 Nc6 12. Nxc6 bxc6 13. Bg2 d4 14. exd4 Re8+
15. Kf1 Bg4 16. h3 Bd7 17. Bf3 h5 18. Kg2 h4 19. g4 Qa5 20. Rad1 Rac8 21. Qd2
Qc7 22. d5 Bf4 23. d6 Bxd2 24. dxc7 Bg5 25. Rd4 Rxc7 26. Rhd1 Be6 27. Rd8 Rc8
28. Rxe8+ Nxe8 29. Na4 Bf6 30. Ba3 a5 31. Rc1 Bg5 32. Rxc6 Rd8 33. Rc2 Nf6 34.
Nc5 Bd5 35. Bb2 Bxf3+ 36. Kxf3 Rd1 37. Bc3 Nd5 38. Bxa5 Nf4 39. Bc7 Nxh3 40. a4
Be7 41. a5 Ra1 42. Na4 Ra3 43. a6 Rxb3+ 44. Kg2 Ra3 45. Rc4 Ng5 46. a7 h3+ 47.
Kf1 Ra1+ 48. Ke2 Ra2+ 49. Kd3 Ra3+ 50. Kc2 Ra2+ 51. Kb3 Rxf2 52. a8=Q+ Kh7 53.
Rc2 1-0

[Event "Kent league"]
[Site "?"]
[Date "2000.02.24"]
[Round "?"]
[White "Howson, J."]
[Black "Stebbings, A."]
[Result "1/2-1/2"]
[WhiteElo "2112"]
[BlackElo "2264"]
[PlyCount "45"]
[EventDate "2000.??.??"]

1. e4 c5 2. Nf3 e6 3. Nc3 Nc6 4. Bb5 Nd4 5. Bc4 Ne7 6. Nxd4 cxd4 7. Ne2 Nc6 8.
d3 Be7 9. O-O O-O 10. f4 a6 11. Bd2 b5 12. Bb3 Bb7 13. Qe1 Rc8 14. Qf2 Bh4 15.
g3 Bf6 16. h3 d6 17. f5 e5 18. Bd5 Bg5 19. Nc1 Na5 20. Bxb7 Nxb7 21. h4 Bxd2
22. Qxd2 f6 23. a4 1/2-1/2

[Event "County match"]
[Site "?"]
[Date "2000.02.26"]
[Round "?"]
[White "Stebbings, A."]
[Black "Kwiatkowski, F."]
[Result "0-1"]
[WhiteElo "2264"]
[BlackElo "2208"]
[PlyCount "108"]
[EventDate "2000.??.??"]

1. e4 e6 2. d4 d5 3. Nd2 Nf6 4. e5 Nfd7 5. f4 c5 6. c3 Nc6 7. Ndf3 Qb6 8. g3
Be7 9. Bh3 cxd4 10. cxd4 O-O 11. Kf1 f6 12. Kg2 Kh8 13. Ne2 fxe5 14. fxe5 Ndxe5
15. dxe5 Nxe5 16. Rf1 Nxf3 17. Rxf3 Rxf3 18. Kxf3 e5 19. Bxc8 Rxc8 20. Nc3 Rf8+
21. Kg2 Qf2+ 22. Kh1 Bc5 23. Nxd5 Rd8 24. Bg5 Qf5 25. Qf1 Qxf1+ 26. Rxf1 Rxd5
27. Be3 Kg8 28. Bxc5 Rxc5 29. Rf2 Rc6 30. Kg2 Rf6 31. Rd2 g6 32. Re2 Re6 33.
Kf3 Kf7 34. Ke4 Kf6 35. Rf2+ Ke7 36. Rc2 Kd6 37. Rd2+ Kc6 38. Rc2+ Kd6 39. Rd2+
Ke7 40. Rc2 Kf6 41. Rf2+ Kg5 42. Rf7 Rb6 43. b3 h5 44. Kxe5 Kg4 45. Rf2 g5 46.
Rc2 Rb4 47. Rd2 Rb5+ 48. Ke4 Rb6 49. Ke3 Kh3 50. Rd5 Rg6 51. Rd2 Re6+ 52. Kf3
Rf6+ 53. Ke3 g4 54. Rd5 Kxh2 0-1

[Event "National Club ch."]
[Site "?"]
[Date "2000.02.27"]
[Round "?"]
[White "Prizant, M."]
[Black "Stebbings, A."]
[Result "1-0"]
[WhiteElo "2040"]
[BlackElo "2264"]
[PlyCount "93"]
[EventDate "2000.??.??"]

1. e4 c5 2. c3 Nf6 3. e5 Nd5 4. d4 cxd4 5. Nf3 e6 6. cxd4 d6 7. a3 Bd7 8. Bd3
Bc6 9. O-O Nd7 10. b4 a6 11. Bb2 Rc8 12. Re1 Be7 13. Nbd2 Nf4 14. Be4 O-O 15.
g3 Nd5 16. Rc1 N7b6 17. Bb1 Bb5 18. Rxc8 Qxc8 19. exd6 Bxd6 20. Ne4 Be7 21. Nc5
Rd8 22. Ne5 Nf6 23. Qf3 Bc6 24. Nxc6 Qxc6 25. Qxc6 bxc6 26. Nxa6 Nc4 27. Bc1
Rxd4 28. Nb8 c5 29. Nc6 Rd7 30. Ba2 Nb6 31. Nxe7+ Rxe7 32. bxc5 Na4 33. Be3 Rc7
34. Rc1 Nd7 35. c6 Ne5 36. Bb3 Nb2 37. Rc2 Nbd3 38. Ba4 Kf8 39. Bb6 Rc8 40. Kf1
g5 41. Ke2 Ke7 42. Bb5 Kd6 43. c7 Nd7 44. Bxd7 Kxd7 45. Kxd3 Ra8 46. a4 Kc8 47.
a5 1-0

[Event "Tournament: Metropolitan Open"]
[Site "London"]
[Date "2000.10.07"]
[Round "?"]
[White "Stebbings, A."]
[Black "Nixon, T."]
[Result "1-0"]
[WhiteElo "2208"]
[BlackElo "2016"]
[PlyCount "53"]
[EventDate "2000.??.??"]

1. d4 d5 2. Nf3 Nf6 3. e3 e6 4. Bd3 Nbd7 5. O-O Bd6 6. Nbd2 b6 7. e4 dxe4 8.
Nxe4 Be7 9. Nxf6+ Nxf6 10. Ne5 O-O 11. Nc6 Qd6 12. Qf3 Bd7 13. Nxe7+ Qxe7 14.
Bg5 Rfd8 15. Rfe1 h6 16. Bh4 Be8 17. Rad1 Rac8 18. c4 c6 19. Bc2 b5 20. c5 g5
21. Bg3 Nd5 22. Bd6 Qd7 23. Qe4 Nf6 24. Qd3 Qb7 25. h4 g4 26. Qe3 Kg7 27. Qf4
1-0

[Event "Tournament: Metropolitan Open"]
[Site "London"]
[Date "2000.10.07"]
[Round "?"]
[White "Summerscale, A."]
[Black "Stebbings, A."]
[Result "1-0"]
[WhiteElo "2504"]
[BlackElo "2208"]
[PlyCount "91"]
[EventDate "2000.??.??"]

1. Nf3 c5 2. c4 Nf6 3. Nc3 d5 4. cxd5 Nxd5 5. g3 Nc6 6. Bg2 Nc7 7. O-O e5 8.
Ne1 Bg4 9. Bxc6+ bxc6 10. Qa4 Qd7 11. Nd3 Bd6 12. b3 Nb5 13. f3 Bf5 14. Ne4 Nd4
15. Rf2 Bxe4 16. fxe4 O-O 17. Qc4 Qg4 18. e3 Nf3+ 19. Kg2 Ng5 20. Rf1 Qxe4+ 21.
Qxe4 Nxe4 22. Nb2 Rfd8 23. Nc4 Bc7 24. Kf3 Ng5+ 25. Ke2 a5 26. Ba3 Ne6 27. Nb2
e4 28. Rac1 Rd5 29. Na4 Rad8 30. Rc2 Rh5 31. Rf2 Rdd5 32. Kf1 f6 33. Kg2 Kf7
34. Rc4 Rde5 35. Bb2 Ref5 36. Rxf5 Rxf5 37. Rxe4 Rd5 38. Bc3 Be5 39. Bxa5 c4
40. Bb4 cxb3 41. axb3 Rd3 42. Nb6 Rxb3 43. Nd7 Ng5 44. Nxe5+ Ke6 45. Nxc6+ Kd5
46. Na5 1-0

[Event "Tournament: Metropolitan Open"]
[Site "London"]
[Date "2000.10.07"]
[Round "?"]
[White "Stebbings, A."]
[Black "Young, C."]
[Result "1/2-1/2"]
[WhiteElo "2208"]
[BlackElo "1904"]
[PlyCount "100"]
[EventDate "2000.??.??"]

1. d4 Nf6 2. Nf3 c5 3. d5 b5 4. Bg5 d6 5. Bxf6 exf6 6. e4 a6 7. a4 b4 8. Bd3 a5
9. O-O g6 10. c3 Bg7 11. Qc2 O-O 12. Nbd2 Nd7 13. Nc4 Nb6 14. Nfd2 Bb7 15. Nxb6
Qxb6 16. Nc4 Qc7 17. Ne3 Ba6 18. Bxa6 Rxa6 19. Qd3 Raa8 20. cxb4 axb4 21. Ra2
Rfb8 22. b3 Qd8 23. Re2 Qd7 24. Nc4 Qc7 25. Rfe1 Re8 26. Qg3 Rad8 27. Qf4 Kf8
28. g4 Kg8 29. Kg2 Kh8 30. h4 Rg8 31. Rh1 Qe7 32. Kf1 Rge8 33. Rh3 Qd7 34. Ree3
Kg8 35. Kg2 Kh8 36. Rh1 Kg8 37. Rhh3 Kh8 38. Rhf3 Rf8 39. g5 fxg5 40. hxg5 Bd4
41. Rd3 Qe7 42. Qg4 Rde8 43. Rf4 f6 44. gxf6 Rxf6 45. Rdf3 Ref8 46. Rxf6 Rxf6
47. Rxf6 Qxf6 48. Qc8+ Kg7 49. Qd7+ Kh6 50. Qxd6 Qxf2+ 1/2-1/2

[Event "Tournament: Metropolitan Open"]
[Site "London"]
[Date "2000.10.08"]
[Round "?"]
[White "Dickson, G."]
[Black "Stebbings, A."]
[Result "0-1"]
[WhiteElo "1888"]
[BlackElo "2208"]
[PlyCount "116"]
[EventDate "2000.??.??"]

1. f4 Nf6 2. Nf3 g6 3. d3 d5 4. e3 Bg7 5. Be2 O-O 6. O-O b6 7. Nc3 Bb7 8. Qe1
Nbd7 9. Qh4 c5 10. Bd2 e6 11. g4 Ne8 12. Qh3 Nd6 13. Nd1 Qe7 14. Bc3 f5 15.
Bxg7 Qxg7 16. Qg3 fxg4 17. Ng5 Nf5 18. Qxg4 Rae8 19. Qh3 h6 20. Nf3 e5 21. fxe5
Nxe5 22. Nxe5 Rxe5 23. Bf3 Kh7 24. Bg4 Rfe8 25. Rf3 Nd6 26. Qg3 Qe7 27. h4 h5
28. Bh3 Bc8 29. Bxc8 Rxc8 30. Nc3 d4 31. Ne4 Nxe4 32. dxe4 Rxe4 33. Raf1 Qxh4
34. Rf7+ Kh6 35. Qxh4 Rxh4 36. Rxa7 dxe3 37. Re7 Rg4+ 38. Kh2 Rd8 39. Rxe3 Rd2+
40. Kh3 Rxc2 41. Rb3 Rb4 42. Rxb4 cxb4 43. b3 Rxa2 44. Rf4 Rd2 45. Rxb4 Rd6 46.
Rb5 Kg7 47. Kg3 Kf6 48. Kf4 g5+ 49. Kg3 Kg6 50. Kh3 h4 51. Kg4 Rd4+ 52. Kh3 Kh5
53. Rxb6 g4+ 54. Kg2 Rd2+ 55. Kg1 h3 56. Rc6 Rb2 57. Rc8 Kh4 58. Rc3 Rb1+ 0-1

[Event "London league"]
[Site "?"]
[Date "2000.11.27"]
[Round "?"]
[White "Spivack, S."]
[Black "Stebbings, A."]
[Result "1/2-1/2"]
[WhiteElo "2144"]
[BlackElo "2208"]
[PlyCount "45"]
[EventDate "2000.??.??"]

1. e4 c5 2. Nf3 g6 3. d3 Bg7 4. g3 Nc6 5. Bg2 e5 6. O-O Nge7 7. Nc3 O-O 8. Nh4
d6 9. f4 exf4 10. Bxf4 h6 11. Be3 Be6 12. Qd2 Kh7 13. Rad1 Qd7 14. Ne2 Ne5 15.
Kh1 b6 16. b3 d5 17. d4 cxd4 18. Bxd4 dxe4 19. Bxe4 Bd5 20. Qe3 Bxe4+ 21. Qxe4
Qc6 22. Qxc6 N7xc6 23. Bb2 1/2-1/2

[Event "London league"]
[Site "?"]
[Date "2000.12.14"]
[Round "?"]
[White "Stebbings, A."]
[Black "Hollis, G."]
[Result "1-0"]
[WhiteElo "2208"]
[BlackElo "2088"]
[PlyCount "67"]
[EventDate "2000.??.??"]

1. e4 c6 2. d4 d6 3. Nc3 Nd7 4. Nf3 a6 5. a4 Qc7 6. Bc4 e6 7. Qe2 Be7 8. O-O h6
9. Re1 Ngf6 10. Bd2 O-O 11. e5 dxe5 12. dxe5 Nd5 13. Qe4 f5 14. exf6 N7xf6 15.
Qe2 Bc5 16. Ne4 Ba7 17. Nxf6+ Rxf6 18. Qe4 Qf7 19. Bd3 g5 20. Ne5 Qg7 21. Rf1
Bd7 22. c4 Nf4 23. Bc3 Rf5 24. Ng4 Qf8 25. Ne3 Nxd3 26. Qxd3 Bxe3 27. fxe3 Qf7
28. g4 Rxf1+ 29. Rxf1 Qe8 30. Rf6 e5 31. Rxh6 e4 32. Rh8+ Kf7 33. Qf1+ Kg6 34.
Qf6# 1-0

[Event "London league"]
[Site "?"]
[Date "2001.01.08"]
[Round "?"]
[White "Stebbings, A."]
[Black "Goodwin, D."]
[Result "1-0"]
[WhiteElo "2208"]
[BlackElo "2024"]
[PlyCount "125"]
[EventDate "2001.??.??"]

1. e4 c5 2. Nf3 d6 3. d4 cxd4 4. Nxd4 Nf6 5. Nc3 g6 6. Be2 Bg7 7. O-O O-O 8.
Bg5 Nc6 9. Nb3 Be6 10. Kh1 Rc8 11. f4 Na5 12. f5 Bc4 13. Bd3 d5 14. exd5 Bxd5
15. Nxa5 Qxa5 16. Nxd5 Nxd5 17. c3 Qc5 18. Qf3 b5 19. a3 a5 20. Rad1 Nb6 21.
Be3 Qc7 22. Bxb5 Nc4 23. Bxc4 Qxc4 24. Bd4 Bxd4 25. Rxd4 Qb3 26. Rf2 Rc5 27.
fxg6 hxg6 28. Qe3 e5 29. Rd6 Rd5 30. Rxd5 Qxd5 31. Rd2 Qb5 32. h3 Rb8 33. Kh2
a4 34. Qe4 f5 35. Qh4 Qf1 36. Qg5 Qf4+ 37. Qxf4 exf4 38. h4 Kg7 39. Kg1 Kh6 40.
Kf2 Kh5 41. Kf3 Kxh4 42. Kxf4 Rb5 43. c4 g5+ 44. Kf3 Rc5 45. Rc2 Kh5 46. Ke3
Kg4 47. Kd4 Rc8 48. c5 f4 49. c6 Kg3 50. Kd5 g4 51. Kd6 f3 52. gxf3 gxf3 53. c7
f2 54. Rxf2 Kxf2 55. Kd7 Rh8 56. c8=Q Rxc8 57. Kxc8 Ke3 58. Kc7 Kd3 59. Kb6 Kc2
60. Ka5 Kb3 61. Kb5 Kxb2 62. Kxa4 Kc3 63. Kb5 1-0

[Event "London league"]
[Site "?"]
[Date "2001.01.31"]
[Round "?"]
[White "Stebbings, A."]
[Black "Howson, J."]
[Result "1/2-1/2"]
[WhiteElo "2208"]
[BlackElo "2112"]
[PlyCount "40"]
[EventDate "2001.??.??"]

1. d4 g6 2. e4 Bg7 3. Nc3 c5 4. d5 d6 5. Bb5+ Bd7 6. a4 Na6 7. Nf3 Bxb5 8. Nxb5
Nc7 9. Nc3 Nf6 10. O-O O-O 11. Qd3 Qd7 12. Rd1 Rfd8 13. Nd2 Na6 14. Nc4 Ng4 15.
Bf4 Nb4 16. Qd2 f6 17. h3 Ne5 18. Ne3 Nf7 19. Ne2 Na6 20. c3 Nc7 1/2-1/2

[Event "London league"]
[Site "?"]
[Date "2001.03.01"]
[Round "?"]
[White "Goldberg, J."]
[Black "Stebbings, A."]
[Result "1-0"]
[WhiteElo "2184"]
[BlackElo "2208"]
[PlyCount "76"]
[EventDate "2001.??.??"]

1. d4 e6 2. c4 b6 3. Nc3 Bb7 4. a3 f5 5. d5 Nf6 6. g3 Na6 7. Bg2 Nc5 8. Nh3 Bd6
9. b4 Be5 10. Bb2 Nce4 11. Qb3 Bxc3+ 12. Bxc3 exd5 13. O-O dxc4 14. Qxc4 d5 15.
Qd3 O-O 16. Rac1 c5 17. Nf4 Qd6 18. bxc5 bxc5 19. Bxf6 Rxf6 20. Rfd1 d4 21.
Qb3+ Rf7 22. h4 Rd8 23. Qe6 Kf8 24. Bxe4 fxe4 25. Qxd6+ Rxd6 26. Rxc5 Rfd7 27.
Ra5 Ba6 28. Rxd4 Rxd4 29. Ne6+ Ke7 30. Nxd4 Rxd4 31. Rxa6 e3 32. Rxa7+ Kf6 33.
fxe3 Rd1+ 34. Kf2 Ra1 35. a4 h5 36. Ra5 g6 37. Kf3 Ra2 38. Ra6+ Kf7 1-0

[Event "London league"]
[Site "?"]
[Date "2001.03.21"]
[Round "?"]
[White "Whiteley, A."]
[Black "Stebbings, A."]
[Result "1/2-1/2"]
[WhiteElo "2208"]
[BlackElo "2208"]
[PlyCount "71"]
[EventDate "2001.??.??"]

1. d4 e6 2. c4 b6 3. Nf3 Bb7 4. Nbd2 Nf6 5. b3 c5 6. Bb2 cxd4 7. Nxd4 Be7 8.
Qc2 O-O 9. e4 d6 10. Be2 a6 11. O-O Qc7 12. a4 Nc6 13. Nxc6 Bxc6 14. Bd3 Ng4
15. Be2 Ne5 16. Bd4 Bf6 17. Qc3 Nd7 18. Bxf6 Nxf6 19. Bd3 Qb7 20. Rfe1 Rfd8 21.
Qd4 Qc7 22. Nf1 Bb7 23. Bc2 b5 24. axb5 axb5 25. Nd2 bxc4 26. Rxa8 Bxa8 27.
Nxc4 d5 28. exd5 Bxd5 29. Qb6 Rc8 30. Qxc7 Rxc7 31. Ra1 Kf8 32. Ne3 Be4 33. Bd1
Ke7 34. Kf1 Nd7 35. Ke2 Kd6 36. Kd2 1/2-1/2

[Event "London league"]
[Site "?"]
[Date "2001.04.04"]
[Round "?"]
[White "Sowray, P."]
[Black "Stebbings, A."]
[Result "0-1"]
[WhiteElo "2280"]
[BlackElo "2208"]
[PlyCount "72"]
[EventDate "2001.??.??"]

1. d4 e6 2. c4 b6 3. a3 Bb7 4. Nc3 f5 5. d5 Nf6 6. g3 Na6 7. b4 c5 8. b5 Nc7 9.
Bg2 Bd6 10. Bb2 O-O 11. Nh3 Be5 12. O-O exd5 13. Qc2 Bxc3 14. Bxc3 Ne4 15. Be5
d6 16. Bb2 dxc4 17. Qxc4+ d5 18. Qd3 d4 19. e3 dxe3 20. Qxe3 Qd7 21. Rad1 Qxb5
22. Qf4 Ne6 23. Qe5 Rae8 24. a4 Qxa4 25. Rd8 Nd4 26. Rxe8 Rxe8 27. Qc7 Qc6 28.
Qxc6 Bxc6 29. Bxd4 cxd4 30. Rd1 Rd8 31. Ng5 Rd6 32. Nf3 Nc3 33. Re1 Bxf3 34.
Bxf3 d3 35. Re8+ Kf7 36. Rc8 Nb5 0-1

[Event "London league"]
[Site "?"]
[Date "2001.04.25"]
[Round "?"]
[White "Harris, R."]
[Black "Stebbings, A."]
[Result "1-0"]
[WhiteElo "2112"]
[BlackElo "2208"]
[PlyCount "67"]
[EventDate "2001.??.??"]

1. e4 c5 2. Nf3 g6 3. d4 Bg7 4. c4 Qa5+ 5. Bd2 Qb6 6. Bc3 Nf6 7. d5 O-O 8. Bd3
d6 9. O-O Nh5 10. Bxg7 Kxg7 11. Qd2 e5 12. dxe6 Bxe6 13. Nc3 Nc6 14. b3 Qa5 15.
Rac1 Rad8 16. Nh4 Nd4 17. Qg5 f6 18. Qd2 a6 19. Be2 Nf4 20. Bd1 g5 21. Kh1 b5
22. cxb5 axb5 23. Nf3 Nc6 24. g3 Ng6 25. Be2 b4 26. Nd5 Ra8 27. Rc2 g4 28. Nh4
Nxh4 29. Nf4 Rae8 30. Qxd6 Nd4 31. Rxc5 Qd8 32. Qxd8 Rxd8 33. gxh4 Nxe2 34.
Nxe6+ 1-0

[Event "London league"]
[Site "?"]
[Date "2001.10.08"]
[Round "?"]
[White "Stebbings, A."]
[Black "Duncan, C."]
[Result "1/2-1/2"]
[WhiteElo "2168"]
[BlackElo "2208"]
[PlyCount "57"]
[EventDate "2001.??.??"]

1. e4 c5 2. Nf3 d6 3. d4 cxd4 4. Nxd4 Nf6 5. Nc3 g6 6. Be2 Bg7 7. O-O O-O 8.
Bg5 Nc6 9. Nb3 a6 10. f4 b5 11. Bf3 Bb7 12. Qe2 b4 13. Nd5 Nxd5 14. exd5 Nd4
15. Nxd4 Bxd4+ 16. Kh1 Re8 17. Rab1 Bg7 18. Qd2 a5 19. f5 gxf5 20. Bh6 Bf6 21.
Bh5 Qd7 22. Rf3 e6 23. dxe6 fxe6 24. Rg3+ Kh8 25. Bxe8 Rxe8 26. Bg5 Bg7 27. Bh6
Bf6 28. Bg5 Bg7 29. Bh6 1/2-1/2

[Event "London league"]
[Site "?"]
[Date "2001.10.25"]
[Round "?"]
[White "Stebbings, A."]
[Black "Peterson, T."]
[Result "1/2-1/2"]
[WhiteElo "2168"]
[BlackElo "2072"]
[PlyCount "54"]
[EventDate "2001.??.??"]

1. e4 c5 2. Nf3 e6 3. d4 cxd4 4. Nxd4 Nc6 5. Nc3 Qc7 6. Be3 a6 7. Bd3 Nf6 8.
Nb3 b5 9. f4 d6 10. O-O Bb7 11. Qf3 Nb4 12. a3 Nc6 13. a4 b4 14. Ne2 Na5 15.
Nxa5 Qxa5 16. g4 d5 17. e5 Nd7 18. Bd4 Bc5 19. Qe3 g6 20. Rac1 h5 21. f5 gxf5
22. gxf5 O-O-O 23. c3 Kb8 24. cxb4 Bxb4 25. b3 Bd2 26. Qh3 Rhg8+ 27. Kf2 Bxc1
1/2-1/2

[Event "London league"]
[Site "?"]
[Date "2001.11.12"]
[Round "?"]
[White "Stebbings, A."]
[Black "Ansell, S."]
[Result "0-1"]
[WhiteElo "2168"]
[BlackElo "2352"]
[PlyCount "69"]
[EventDate "2001.??.??"]

1. d4 d5 2. c4 c6 3. Nc3 Nf6 4. e3 Bf5 5. cxd5 cxd5 6. Qb3 Bc8 7. Nf3 e6 8. Ne5
Be7 9. Bd3 O-O 10. O-O b6 11. Bd2 Bb7 12. f4 Nc6 13. Rac1 Na5 14. Qc2 Rc8 15.
Qb1 Nc4 16. Rfd1 Nd6 17. Be1 Nfe4 18. Nxe4 dxe4 19. Be2 Nf5 20. Rxc8 Qxc8 21.
Rc1 Qa8 22. Bf2 Rc8 23. Rc2 Bd5 24. Ba6 Rxc2 25. Qxc2 f6 26. Nc4 Qc6 27. a4 Nd6
28. b3 Ne8 29. Bb5 Qc8 30. Bxe8 Qxe8 31. Nd2 Bb4 32. Be1 h6 33. Kf1 e5 34. dxe5
fxe5 35. Nxe4 0-1